[Event "Polgar Challenge 2021"]
[Site "Online"]
[Date "2021.04.04"]
[Round "4.7"]
[White "Mammadzada, Gunay"]
[Black "Saduakassova, Dinara"]
[Result "1/2-1/2"]
[WhiteElo "2443"]
[BlackElo "2500"]
[Annotator "ChessBase"]
[PlyCount "76"]
[EventDate "2021.04.08"]
[EventType "tourn"]
[EventCountry "NET"]
[SourceTitle "playchess.com"]
[Source "ChessBase"]
[SourceQuality "1"]
[TimeControl "600+5"]

1. e4 {[%emt 0:00:00]} e5 {[%emt 0:00:00]} 2. Nf3 {[%emt 0:00:00]} Nc6 {[%emt 0:00:00]} 3. Bb5 {[%emt 0:00:00]} a6 {[%emt 0:00:00]} 4. Ba4 {[%emt 0:00:02]} Nf6 {[%emt 0:00:00]} 5. O-O {[%emt 0:00:02]} Nxe4 {[%emt 0:00:00]} 6. d4 {[%emt 0:00:02]} b5 {[%emt 0:00:01]} 7. Bb3 {[%emt 0:00:01]} d5 {[%emt 0:00:01]} 8. dxe5 {[%emt 0:00:01]} Be6 {[%emt 0:00:01]} 9. c3 {[%emt 0:00:05]} Be7 {[%emt 0:00:06]} 10. Nbd2 {[%emt 0:00:04]} Nc5 {[%emt 0:00:01]} 11. Bc2 {[%emt 0:00:15]} d4 {[%emt 0:00:02]} 12. Nb3 {[%emt 0:00:02]} d3 {[%emt 0:00:01]} 13. Bb1 {[%emt 0:00:01]} Nxb3 {[%emt 0:00:02]} 14. axb3 {[%emt 0:00:00]} Bf5 {[%emt 0:00:01]} 15. h3 {[%emt 0:00:02]} O-O {[%emt 0:00:02]} 16. b4 {[%emt 0:00:08]} Qd7 {[%emt 0:00:05]} 17. Re1 {[%emt 0:00:02]} Rfd8 {[%emt 0:00:10]} 18. Bf4 {[%emt 0:00:34]} a5 {[%emt 0:00:31]} 19. bxa5 {[%emt 0:01:23]} Rxa5 {[%emt 0:00:03]} 20. Rxa5 {[%emt 0:00:26]} Nxa5 {[%emt 0:00:01]} 21. e6 {[%emt 0:02:30]} fxe6 {[%emt 0:00:52]} 22. g4 {[%emt 0:00:25]} Bg6 {[%emt 0:00:35]} 23. Ne5 {[%emt 0:00:02]} Qd5 {[%emt 0:00:33]} 24. Nxg6 {[%emt 0:00:23]} hxg6 {[%emt 0:00:01]} 25. Bxc7 {[%emt 0:00:02]} d2 {[%emt 0:00:05]} 26. Rf1 {[%emt 0:01:04]} Nc4 {[%emt 0:00:05]} 27. Bxd8 {[%emt 0:00:32]} Nxb2 {[%emt 0:00:03]} 28. Qc2 {[%emt 0:00:08]} Qxd8 {[%emt 0:00:18]} 29. Qxg6 {[%emt 0:02:51]} d1=Q {[%emt 0:00:03]} 30. Qxe6+ {[%emt 0:00:02]} Kf8 {[%emt 0:01:13]} 31. Qf5+ {[%emt 0:00:02]} Bf6 {[%emt 0:00:23]} 32. Rxd1 {[%emt 0:00:06]} Qxd1+ {[%emt 0:00:05]} 33. Kg2 {[%emt 0:00:00]} Qd2 {[%emt 0:00:59]} 34. Qc5+ {[%emt 0:00:31]} Be7 {[%emt 0:00:36]} 35. Qc8+ {[%emt 0:00:20]} Bd8 {[%emt 0:00:08]} 36. Qf5+ {[%emt 0:00:04]} Bf6 {[%emt 0:00:03]} 37. Qc8+ {[%emt 0:00:41]} Bd8 {[%emt 0:00:05]} 38. Qf5+ {[%emt 0:00:06]} Bf6 {[%emt 0:00:01]} 1/2-1/2

[Event "Polgar Challenge 2021"]
[Site "Online"]
[Date "2021.04.04"]
[Round "4.8"]
[White "Nihal Sarin"]
[Black "Salimova, Nurgyul"]
[Result "1-0"]
[WhiteElo "2620"]
[BlackElo "2397"]
[Annotator "TA"]
[PlyCount "91"]
[EventDate "2021.04.08"]
[EventType "tourn"]
[EventCountry "NET"]
[SourceTitle "playchess.com"]
[Source "ChessBase"]
[SourceQuality "1"]

{[%evp 21,91,6,9,10,14,4,14,-13,0,7,5,0,15,8,42,32,41,20,35,39,68,65,72,64,64,51,66,42,50,50,49,52,75,64,56,47,68,68,69,69,72,28,28,10,33,0,0,0,0,0,0,0,0,-57,0,0,600,590,579,570,528,472,464,432,631,589,629,621,629,558,29986,1929]} 1. d4 Nf6 2. c4 e6 3. Nf3 d5 4. g3 Be7 5. Bg2 O-O 6. O-O dxc4 7. Qc2 a6 8. a4 Bd7 9. Qxc4 Bc6 10. Bg5 Nbd7 11. Nc3 h6 12. Bxf6 {E05: Open Catalan: 5 Nf3 Be7.} Nxf6 13. Rfd1 $1 {[%mdl 4] is now more promising than 13.b4.} Qd6 {[#]} 14. Ne1 $146 {The position is equal.} ({Predecessor:} 14. Qd3 Rfd8 15. e4 Qb4 16. Qc2 Rac8 17. Rd2 Qb6 18. Rad1 Bb4 19. Ne5 Be8 20. Nc4 {0-1 (60) Le,Q (2713)-Aronian,L (2775) Moscow 2019}) 14... Bxg2 15. Kxg2 Rad8 16. Nf3 c6 17. a5 Qb8 18. e4 Qa7 19. h4 Rd7 20. Rd2 Bd8 21. Ne5 Re7 22. b4 Bc7 23. Nf3 Rd7 24. e5 Nd5 25. Ne4 Re7 26. Nc5 f6 27. exf6 Rxf6 28. Ne5 Bxe5 29. dxe5 Rf5 30. Re1 Qb8 31. Qe4 {With the idea Nxe6!} Qf8 32. f3 g5 33. h5 Qf7 34. Rd3 Re8 (34... Qxh5 $2 35. g4 $18) 35. Rh1 Rf8 36. Rf1 Kh8 (36... Qxh5 $2 37. Nxe6 Qe8 38. Nxf8 $18) 37. Rf2 (37. Rh1 $11) 37... Rg8 ({Wrong is} 37... Qxh5 $2 38. Nxe6 (38. g4 Qh4 $11) 38... Qe8 39. Nxf8 $18) ({Black should try} 37... g4 $1 $15) 38. Rfd2 $11 Nf4+ $2 {[%mdl 8192]} 39. gxf4 $18 gxf4+ 40. Kf1 Qxh5 {[#] ( -> ...Qh1+)} 41. Rd7 Qh1+ 42. Ke2 Rg2+ 43. Kd3 {Strongly threatening Rxg2.} Qb1+ 44. Kc3 ({But not} 44. Kc4 $2 Qc1+ 45. Qc2 Qxc2+ $19) 44... Qa1+ 45. Kb3 Rg8 46. Nxe6 {Weighted Error Value: White=0.12/Black=0.56} (46. Re7 $142 Qxe5 47. Rdd7 Rg3 48. Re8+ Rg8 49. Rxe6 {[%mdl 64] Double Attack} Rg7 50. Rxe5 Rxd7 51. Re8+ Kg7 52. Qxf5 Rd3+ 53. Nxd3 b5 54. Nxf4 h5 55. Qg6#) 1-0

[Event "Polgar Challenge 2021"]
[Site "Online"]
[Date "2021.04.04"]
[Round "4.9"]
[White "Badelka, Olga"]
[Black "Praggnanandhaa R"]
[Result "0-1"]
[WhiteElo "2433"]
[BlackElo "2608"]
[Annotator "TA"]
[PlyCount "92"]
[EventDate "2021.04.08"]
[EventType "tourn"]
[EventCountry "NET"]
[SourceTitle "playchess.com"]
[Source "ChessBase"]
[SourceQuality "1"]

{[%evp 20,92,38,32,37,37,67,62,64,62,86,72,82,45,79,50,55,49,91,59,107,26,30,-23,-33,-37,-49,-229,-220,-315,-335,-335,-317,-394,-397,-395,-380,-581,-519,-441,-378,-367,-343,-354,-336,-722,-722,-702,-675,-580,-414,-404,-397,-518,-238,-491,-353,-672,-689,-579,-530,-527,-461,-672,-541,-6261,-1019,-5748,-6278,-2995,-2627,-29996,-29997,-29997,-15]} 1. d4 Nf6 2. Nf3 g6 3. c4 Bg7 4. g3 d6 5. Bg2 O-O 6. Nc3 Nbd7 7. O-O e5 8. e4 Re8 9. Qc2 exd4 10. Nxd4 Nc5 {10...c6 is the modern continuation.} 11. Rd1 Ng4 $5 {[%mdl 4] A promising side line. E67: King's Indian: Fianchetto: 6...Nbd7.} 12. b3 {[#]} Ne6 $146 ({Predecessor:} 12... Ne5 13. Ba3 Bd7 14. h3 h5 15. f4 Nc6 16. Nxc6 bxc6 17. Bxc5 dxc5 18. e5 Qe7 19. Qf2 {1-0 (35) Saduakassova,D (2460)-Lagno,K (2547) Riadh 2017}) 13. Nxe6 Bxe6 {White is slightly better.} 14. Bb2 Nf6 15. Rac1 Nd7 16. Ba3 Qc8 17. Nd5 a5 18. f4 f5 19. Re1 fxe4 20. Bxe4 (20. Qxe4 $6 a4 $11) ({White should try} 20. Rxe4 $16 a4 21. Rce1 (21. bxa4 Bxd5 22. cxd5 Rxe4 $16) 21... axb3 22. Qxb3 (22. axb3 Rxa3 23. Rxe6 Rxe6 $11)) 20... c6 $11 21. Nc3 (21. Ne3 $142) 21... Nc5 {And now ...Bd4+ would win.} 22. Bf3 Bf5 $36 {[%mdl 2048] Black is more active.} 23. Qd2 {Loses the game.} (23. Ne4 $1 $15) 23... Nd3 $19 24. Rxe8+ (24. Ne4 {might work better.} Nxc1 25. Qxc1) 24... Qxe8 25. g4 {[#]} Bd4+ $1 (25... Nxc1 26. gxf5 Nd3 27. Qxd3 $17) 26. Kg2 {[#]} Be3 $1 {[%mdl 64] Double Attack, Skewer} 27. Qd1 Nxf4+ ({Not} 27... Nxc1 28. gxf5 Bxf4 29. Bxc1 $11) (27... Bxc1 $2 28. Bxc1 Qe1 29. Qxe1 $19) 28. Kg3 (28. Kh1 $142 Nh3 29. Kg2 Nf4+ 30. Kh1) 28... Bd3 29. Bxd6 g5 30. Bxf4 gxf4+ 31. Kg2 Rd8 32. Ra1 $2 (32. Nd5 Qe5 33. Nxe3 fxe3 34. Bd5+ cxd5 35. Qxd3) 32... Bg6 33. Qf1 Rd2+ 34. Ne2 Qd7 35. Kh1 Bd3 36. Re1 Qg7 (36... Bc5 $142 {aiming for ...Qe7.} 37. Qg2 Qe7) 37. Qh3 $2 (37. Rd1 {was the only defense.}) 37... Qg5 {Strongly threatening ...Bf2.} 38. Qg2 $2 (38. Nc3 Rc2 39. Nd1) 38... Qh4 39. Rf1 h6 40. a4 Kg7 41. c5 (41. Ra1 $142) 41... Qg5 42. Qh3 Bxc5 (42... Bxe2 $142 43. Bxe2 Rxe2) 43. Nc3 Bxf1 44. Qxf1 Rf2 45. Qd3 {[#]} Rxh2+ $3 {[%mdl 512]} 46. Kxh2 Qh4+ {[%mdl 32768] Weighted Error Value: White=1.06/Black=0.42. Loss on time!?} 0-1

[Event "Polgar Challenge 2021"]
[Site "Online"]
[Date "2021.04.04"]
[Round "4.10"]
[White "Lei, Tingjie"]
[Black "Yip, Carissa"]
[Result "1-0"]
[WhiteElo "2505"]
[BlackElo "2430"]
[Annotator "ChessBase"]
[PlyCount "53"]
[EventDate "2021.04.08"]
[EventType "tourn"]
[EventCountry "NET"]
[SourceTitle "playchess.com"]
[Source "ChessBase"]
[SourceQuality "1"]
[TimeControl "600+5"]

1. d4 {[%emt 0:00:00]} Nf6 {[%emt 0:00:00]} 2. c4 {[%emt 0:00:00]} g6 {[%emt 0:00:00]} 3. Nc3 {[%emt 0:00:00]} Bg7 {[%emt 0:00:00]} 4. e4 {[%emt 0:00:01]} O-O {[%emt 0:00:00]} 5. Nf3 {[%emt 0:00:01]} d6 {[%emt 0:00:01]} 6. h3 {[%emt 0:00:01]} e5 {[%emt 0:00:10]} 7. d5 {[%emt 0:00:03]} a5 {[%emt 0:00:03]} 8. Be3 {[%emt 0:00:01]} Na6 {[%emt 0:00:02]} 9. g4 {[%emt 0:00:03]} Nd7 {[%emt 0:00:10]} 10. a3 {[%emt 0:00:03]} Nac5 {[%emt 0:00:09]} 11. Rg1 {[%emt 0:00:03]} a4 {[%emt 0:00:08]} 12. Nd2 {[%emt 0:00:02]} c6 {[%emt 0:00:10]} 13. Qc2 {[%emt 0:00:03]} Nb6 {[%emt 0:00:34]} 14. Be2 {[%emt 0:00:31]} Bd7 {[%emt 0:00:07]} 15. O-O-O {[%emt 0:00:43]} cxd5 {[%emt 0:00:12]} 16. exd5 {[%emt 0:00:56]} Rc8 {[%emt 0:00:25]} 17. h4 {[%emt 0:01:24]} Qxh4 {[%emt 0:02:47]} 18. Rh1 {[%emt 0:00:02]} Qe7 {[%emt 0:00:03]} 19. Rh2 {[%emt 0:00:03]} f5 {[%emt 0:01:05]} 20. Rdh1 {[%emt 0:00:07]} fxg4 {[%emt 0:00:24]} 21. Rxh7 {[%emt 0:00:26]} Bf5 {[%emt 0:00:03]} 22. Qd1 {[%emt 0:00:18]} g5 {[%emt 0:03:28]} 23. R7h5 {[%emt 0:01:00]} Nbd7 {[%emt 0:00:03]} 24. Rxg5 {[%emt 0:00:54]} Rf6 {[%emt 0:00:21]} 25. Qg1 {[%emt 0:01:10]} Rcf8 {[%emt 0:00:20]} 26. Qh2 {[%emt 0:01:32]} Kf7 {[%emt 0:01:25]} 27. Bxg4 {[%emt 0:00:23]} 1-0

[Event "Polgar Challenge 2021"]
[Site "Online"]
[Date "2021.04.04"]
[Round "5.1"]
[White "Yip, Carissa"]
[Black "Zhu, Jiner"]
[Result "0-1"]
[WhiteElo "2430"]
[BlackElo "2459"]
[Annotator "ChessBase"]
[PlyCount "38"]
[EventDate "2021.04.08"]
[EventType "tourn"]
[EventCountry "NET"]
[SourceTitle "playchess.com"]
[Source "ChessBase"]
[SourceQuality "1"]
[TimeControl "600+5"]

1. e4 {[%emt 0:00:00]} e5 {[%emt 0:00:00]} 2. Nf3 {[%emt 0:00:00]} Nc6 {[%emt 0:00:00]} 3. d4 {[%emt 0:00:00]} exd4 {[%emt 0:00:00]} 4. Bc4 {[%emt 0:00:01]} Nf6 {[%emt 0:00:18]} 5. e5 {[%emt 0:00:03]} Ne4 {[%emt 0:00:03]} 6. Qe2 {[%emt 0:00:25]} Nc5 {[%emt 0:00:04]} 7. O-O {[%emt 0:00:03]} Ne6 {[%emt 0:00:24]} 8. Rd1 {[%emt 0:00:14]} d5 {[%emt 0:00:08]} 9. exd6 {[%emt 0:00:19]} Bxd6 {[%emt 0:00:02]} 10. c3 {[%emt 0:00:41]} O-O {[%emt 0:00:12]} 11. cxd4 {[%emt 0:00:01]} Qf6 {[%emt 0:00:58]} 12. Bxe6 {[%emt 0:01:21]} fxe6 {[%emt 0:00:47]} 13. Nc3 {[%emt 0:00:03]} e5 {[%emt 0:01:27]} 14. Ne4 {[%emt 0:00:13]} Qg6 {[%emt 0:00:51]} 15. Nxd6 {[%emt 0:00:41]} cxd6 {[%emt 0:00:06]} 16. dxe5 {[%emt 0:00:25]} Bg4 {[%emt 0:00:58]} 17. Qc4+ {[%emt 0:00:36]} d5 {[%emt 0:00:43]} 18. Rxd5 {[%emt 0:01:21]} Be6 {[%emt 0:00:05]} 19. Ng5 {[%emt 0:02:34]} Rad8 {[%emt 0:00:15]} 0-1

[Event "Polgar Challenge 2021"]
[Site "Online"]
[Date "2021.04.04"]
[Round "5.2"]
[White "Praggnanandhaa R"]
[Black "Lei, Tingjie"]
[Result "1-0"]
[WhiteElo "2608"]
[BlackElo "2505"]
[Annotator "TA"]
[PlyCount "101"]
[EventDate "2021.04.08"]
[EventType "tourn"]
[EventCountry "NET"]
[SourceTitle "playchess.com"]
[Source "ChessBase"]
[SourceQuality "1"]

{[%evp 12,101,28,14,18,0,50,51,77,69,117,111,156,156,241,240,233,228,232,157,211,121,127,122,112,108,103,68,152,148,158,148,420,418,352,147,757,334,476,467,445,-118,-118,-150,-120,-442,-226,-225,-193,-177,20,18,211,189,483,307,809,808,775,775,709,321,321,321,321,98,462,475,471,460,469,450,430,450,431,450,409,379,515,498,578,526,568,541,615,557,629,582,774,733,841,812]} 1. d4 d5 2. c4 dxc4 3. e3 Nf6 4. Bxc4 e6 5. Nf3 c5 6. O-O a6 7. Nbd2 Nbd7 {D27: Queen's Gambit Accepted: Classical main line: 7 e4!? and 7 a4.} 8. e4 {[#]} cxd4 $146 (8... b5 $5 {[%cal Rb5c4]} 9. e5 bxc4 10. exf6 gxf6 $11) ({Predecessor:} 8... b5 9. e5 bxc4 10. exf6 Nxf6 11. Nxc4 Be7 12. dxc5 Qxd1 13. Rxd1 Bxc5 14. Be3 Be7 15. Nb6 {½-½ (35) Petrov,N (2577)-Inarkiev,E (2661) Sochi 2020}) 9. e5 Ng4 {White is slightly better.} 10. Re1 Qc7 {[%cal Rd7e5]} 11. Qe2 Bc5 {aiming for ...d3!} 12. Bd3 $1 f5 (12... b6 $16 13. Qe4 {[%mdl 64] Double Attack} Ngxe5) 13. exf6 $18 Ndxf6 14. h3 Nh6 15. Nb3 Nf7 (15... Bb4 $16 {was called for.}) 16. Nbxd4 (16. Nfxd4 $6 Bxd4 17. Nxd4 O-O) ({Better is} 16. Bd2 $18) 16... Bxd4 $16 17. Nxd4 O-O 18. Bc4 (18. Nxe6 $2 Bxe6 19. Bxh7+ (19. Qxe6 $2 Rae8 $19) 19... Kxh7 $17) 18... Kh8 19. Be3 Nd5 (19... e5 $14) 20. Rac1 $36 {[%mdl 2048] Bxd5 is the strong threat. White is really pushing.} Qd6 21. Bd2 Re8 $2 {[%mdl 8192] [#]} (21... e5 $16) 22. Nf5 $1 $18 {[%mdl 512]} Qd8 {[#]} (22... Qd7 23. Nxg7) 23. Qd3 Bd7 $2 {[%mdl 8192] [#]} (23... Nf6 $16) 24. Qg3 Rg8 (24... Qf6 $142) 25. Bxd5 exd5 26. Nxg7 {[#]} d4 $1 $17 (26... Rxg7 $2 27. Bc3 $18) 27. Qd3 {Black must now prevent Nf5.} Rxg7 28. Bf4 $2 {[%mdl 8192]} (28. Qxd4 $17 Kg8 29. g4) 28... Qf6 (28... Bc6 $142 29. g3 Qd5 30. Rxc6 bxc6) 29. Bg3 $19 Bf5 30. Qf3 {Black should prevent Rc5.} Rag8 $2 (30... Ng5 $19 31. Qf4 d3) 31. Rc5 $1 $11 {[%cal Rc5f5]} Nh6 {[#] Black is now going downhill.} (31... Rg5 $1 $11) 32. Be5 $1 $18 {[%cal Re5f6]} Qf8 ({Don't blunder} 32... Rxg2+ $2 33. Qxg2 Qxe5 34. Rexe5 $18) (32... Qe7 33. Rc4 Bc8 34. Rxd4 Qg5) 33. Bxd4 Bd7 $2 (33... Qd6 34. Bxg7+ Kxg7) 34. Qxf8 Rxf8 35. Rg5 {[%mdl 64] Pin} Nf5 36. Bxg7+ (36. Rxg7 $142 Nxg7 37. Re7 {[%mdl 64] Double Attack}) 36... Nxg7 37. Re7 {[%csl LRd7,LRg7][%mdl 64] Double Attack} Ne6 38. Rh5 ({Inferior is} 38. Rxd7 Nxg5 39. Rxb7 Rg8 $11) (38. Re5 $18 {has better winning chances.} Rd8 39. R7xe6 Bxe6 40. Rxe6) 38... Bc8 {[%mdl 8192]} (38... Ng7 $16 {is a better chance.}) 39. Rexh7+ Kg8 40. Rh8+ Kg7 41. Rxf8 Nxf8 42. Rc5 Be6 43. b3 Kf6 44. f3 Nd7 45. Rc7 {White is clearly winning.} b6 46. Kf2 Nc5 47. Rc6 Nd7 48. g4 Ke5 49. Kg3 Bd5 50. f4+ Ke4 51. Rd6 {Weighted Error Value: White=0.57/Black=0.85} 1-0

[Event "Polgar Challenge 2021"]
[Site "Online"]
[Date "2021.04.04"]
[Round "5.3"]
[White "Salimova, Nurgyul"]
[Black "Badelka, Olga"]
[Result "1/2-1/2"]
[WhiteElo "2397"]
[BlackElo "2433"]
[Annotator "NA"]
[PlyCount "99"]
[EventDate "2021.04.08"]
[EventType "tourn"]
[EventCountry "NET"]
[SourceTitle "playchess.com"]
[Source "ChessBase"]
[SourceQuality "1"]
[TimeControl "600+5"]

1. d4 {[%emt 0:00:00]} Nf6 {[%emt 0:00:00]} 2. Nf3 {[%emt 0:00:02]} e6 {[%emt 0:00:02]} 3. g3 {[%emt 0:00:08]} d5 {[%emt 0:00:12]} 4. c4 {[%emt 0:00:06]} dxc4 {[%emt 0:00:07]} 5. Bg2 {[%emt 0:00:04]} c6 {[%emt 0:00:33]} 6. O-O {[%emt 0:00:19]} b5 {[%emt 0:00:09]} 7. Ne5 {[%emt 0:00:58]} Bb7 {[%emt 0:00:07]} 8. a4 {[%emt 0:00:55]} a6 {[%emt 0:00:05]} 9. b3 {[%emt 0:00:44]} cxb3 {[%emt 0:00:06]} 10. Qxb3 {[%emt 0:00:54]} Be7 {[%emt 0:00:22]} 11. Bb2 {[%emt 0:00:14]} O-O {[%emt 0:00:18]} 12. Rc1 {[%emt 0:00:15]} Nd5 {[%emt 0:00:14]} 13. Nd2 {[%emt 0:01:38]} f6 {[%emt 0:02:42]} 14. Nd3 {[%emt 0:00:08]} Nd7 {[%emt 0:00:06]} 15. e4 {[%emt 0:00:16]} Nc7 {[%emt 0:00:02]} 16. Nf4 {[%emt 0:00:44]} Kh8 {[%emt 0:00:21]} 17. Nxe6 {[%emt 0:00:11]} Nxe6 {[%emt 0:00:02]} 18. Qxe6 {[%emt 0:00:01]} c5 {[%emt 0:00:27]} 19. d5 {[%emt 0:00:34]} Ne5 {[%emt 0:00:28]} 20. Bxe5 {[%emt 0:00:41]} fxe5 {[%emt 0:00:07]} 21. axb5 {[%emt 0:00:17]} Bc8 {[%emt 0:02:00]} 22. Qc6 {[%emt 0:00:04]} Bd7 {[%emt 0:00:18]} 23. Qb7 {[%emt 0:00:06]} Bxb5 {[%emt 0:00:02]} 24. Bf1 {[%emt 0:01:23]} Bg5 {[%emt 0:01:28]} 25. Rc2 {[%emt 0:00:25]} Qf6 {[%emt 0:00:33]} 26. Nc4 {[%emt 0:00:27]} Rab8 {[%emt 0:00:31]} 27. Qc7 {[%emt 0:00:08]} Rfc8 {[%emt 0:00:18]} 28. Qd6 {[%emt 0:00:25]} h5 {[%emt 0:00:32]} 29. Qxf6 {[%emt 0:00:03]} Bxf6 {[%emt 0:00:02]} 30. Nd6 {[%emt 0:00:08]} Rc7 {[%emt 0:00:01]} 31. Rac1 {[%emt 0:00:05]} Be7 {[%emt 0:00:05]} 32. Nf5 {[%emt 0:00:03]} Bf8 {[%emt 0:00:02]} 33. d6 {[%emt 0:00:02]} Rd7 {[%emt 0:00:03]} 34. Rxc5 {[%emt 0:00:05]} g6 {[%emt 0:00:01]} 35. Rc8 {[%emt 0:00:11]} Rxc8 {[%emt 0:00:16]} 36. Rxc8 {[%emt 0:00:02]} Kg8 {[%emt 0:00:05]} 37. Ne7+ {[%emt 0:00:07]} Kf7 {[%emt 0:00:02]} 38. Nd5 {[%emt 0:00:04]} Bxd6 {[%emt 0:00:03]} 39. Bh3 {[%emt 0:00:06]} Rb7 {[%emt 0:00:06]} 40. Rd8 {[%emt 0:00:06]} Bc5 {[%emt 0:00:03]} 41. Rh8 {[%emt 0:00:05]} Kg7 {[%emt 0:00:04]} 42. Rc8 {[%emt 0:00:00]} Bd4 {[%emt 0:00:03]} 43. Be6 {[%emt 0:00:09]} Bd3 {[%emt 0:00:19]} 44. h4 {[%emt 0:00:07]} Rb1+ {[%emt 0:00:08]} 45. Kh2 {[%emt 0:00:02]} Bxf2 {[%emt 0:00:03]} 46. Rg8+ {[%emt 0:00:05]} Kh6 {[%emt 0:00:03]} 47. Rh8+ {[%emt 0:00:07]} Kg7 {[%emt 0:00:03]} 48. Rg8+ {[%emt 0:00:01]} Kh6 {[%emt 0:00:01]} 49. Rh8+ {[%emt 0:00:07]} Kg7 {[%emt 0:00:01]} 50. Rg8+ {[%emt 0:00:01]} 1/2-1/2

[Event "Polgar Challenge 2021"]
[Site "Online"]
[Date "2021.04.04"]
[Round "5.4"]
[White "Saduakassova, Dinara"]
[Black "Nihal Sarin"]
[Result "1/2-1/2"]
[WhiteElo "2500"]
[BlackElo "2620"]
[Annotator "TA"]
[PlyCount "57"]
[EventDate "2021.04.08"]
[EventType "tourn"]
[EventCountry "NET"]
[SourceTitle "playchess.com"]
[Source "ChessBase"]
[SourceQuality "1"]

{[%evp 13,57,28,27,0,0,0,0,0,0,0,0,0,0,0,0,-7,0,0,2,0,0,0,0,0,0,0,0,0,0,0,0,0,0,0,0,0,0,0,0,0,0,0,0,0,0,0]} 1. d4 d5 2. c4 c6 3. cxd5 cxd5 4. Bf4 Nc6 5. e3 Nf6 6. Nc3 a6 7. Bd3 Bg4 8. Be2 {D10: Slav Defence: 3 cxd5 (without early Nf3) and 3 Nc3.} (8. Nge2 {feels hotter.} e6 9. O-O Bd6 10. Bxd6 Qxd6 11. Rc1) 8... Bxe2 {[#] The position is equal.} 9. Qxe2 $146 ({Predecessor:} 9. Ngxe2 e6 10. h3 Bd6 11. O-O O-O 12. Rc1 Rc8 13. Na4 Ne4 14. Bxd6 Qxd6 15. Nc5 Nxc5 16. Rxc5 Ne7 17. Rxc8 Rxc8 18. Qd2 h6 19. Rc1 Rc6 {½-½ (19) Ivanov,M (2500)-Bacrot,E (2500) Enghien les Bains 1997}) 9... e6 10. Nf3 Bd6 11. Bxd6 Qxd6 12. O-O O-O 13. Rfc1 Rfc8 14. h3 Nd7 15. Na4 Ne7 16. Qd2 (16. a3 {looks sharper.} Rc6 17. Qd1 Rac8 18. Ne1 Rxc1 19. Rxc1 Rxc1 20. Qxc1 b6 21. Nd3) 16... h6 17. Rxc8+ Rxc8 18. Rc1 Rxc1+ (18... Rc4 {seems wilder.} 19. Nc3 Qc7 20. Ne1 Nf6 21. Nd3 Qd8) 19. Qxc1 Qc6 20. Qxc6 Nxc6 $11 {[%mdl 4096] Endgame KNN-KNN} 21. Kf1 Kf8 22. Ke2 Ke7 23. a3 Kd6 24. Kd3 g5 25. Nc3 Nb6 26. Nd2 Nd7 27. Nf3 Nf6 28. Nd2 Nd7 29. Nf3 {An uneventful encounter.  Weighted Error Value: White=0.02/Black=0.00} 1/2-1/2

[Event "Polgar Challenge 2021"]
[Site "Online"]
[Date "2021.04.04"]
[Round "5.5"]
[White "Liang, Awonder"]
[Black "Mammadzada, Gunay"]
[Result "1-0"]
[WhiteElo "2592"]
[BlackElo "2443"]
[Annotator "ChessBase"]
[PlyCount "73"]
[EventDate "2021.04.08"]
[EventType "tourn"]
[EventCountry "NET"]
[SourceTitle "playchess.com"]
[Source "ChessBase"]
[SourceQuality "1"]
[TimeControl "600+5"]

1. Nf3 {[%emt 0:00:00]} d5 {[%emt 0:00:00]} 2. g3 {[%emt 0:00:00]} c6 {[%emt 0:00:00]} 3. Bg2 {[%emt 0:00:00]} Bg4 {[%emt 0:00:00]} 4. O-O {[%emt 0:00:00]} Nd7 {[%emt 0:00:01]} 5. c4 {[%emt 0:00:04]} Bxf3 {[%emt 0:00:33]} 6. Bxf3 {[%emt 0:00:02]} Ne5 {[%emt 0:00:01]} 7. Bg2 {[%emt 0:00:39]} Nxc4 {[%emt 0:00:24]} 8. d3 {[%emt 0:00:04]} Nd6 {[%emt 0:00:11]} 9. e4 {[%emt 0:00:02]} e6 {[%emt 0:00:51]} 10. Nc3 {[%emt 0:00:12]} Ne7 {[%emt 0:00:37]} 11. h4 {[%emt 0:00:24]} Qd7 {[%emt 0:03:00]} 12. Be3 {[%emt 0:00:27]} dxe4 {[%emt 0:00:19]} 13. dxe4 {[%emt 0:00:05]} Nc4 {[%emt 0:00:13]} 14. Qe2 {[%emt 0:00:07]} Nxe3 {[%emt 0:00:08]} 15. Qxe3 {[%emt 0:00:00]} Nc8 {[%emt 0:00:15]} 16. Rad1 {[%emt 0:00:06]} Qc7 {[%emt 0:00:03]} 17. Qg5 {[%emt 0:00:42]} h6 {[%emt 0:00:22]} 18. Qg4 {[%emt 0:00:01]} Nb6 {[%emt 0:00:32]} 19. e5 {[%emt 0:01:06]} h5 {[%emt 0:02:30]} 20. Qg5 {[%emt 0:00:09]} Nd7 {[%emt 0:00:02]} 21. Rfe1 {[%emt 0:00:25]} g6 {[%emt 0:00:34]} 22. Qc1 {[%emt 0:02:44]} O-O-O {[%emt 0:00:20]} 23. Qf4 {[%emt 0:00:12]} Bg7 {[%emt 0:00:31]} 24. Qxf7 {[%emt 0:00:08]} Nxe5 {[%emt 0:00:01]} 25. Qxe6+ {[%emt 0:00:08]} Kb8 {[%emt 0:00:01]} 26. Ne4 {[%emt 0:00:10]} Nd3 {[%emt 0:00:06]} 27. Re3 {[%emt 0:00:15]} Nxb2 {[%emt 0:00:18]} 28. Rb1 {[%emt 0:00:32]} Rd1+ {[%emt 0:00:11]} 29. Rxd1 {[%emt 0:00:03]} Nxd1 {[%emt 0:00:00]} 30. Rb3 {[%emt 0:00:01]} Ka8 {[%emt 0:00:17]} 31. Nd6 {[%emt 0:00:14]} Rb8 {[%emt 0:00:09]} 32. Rxb7 {[%emt 0:00:11]} Rxb7 {[%emt 0:00:01]} 33. Qe8+ {[%emt 0:00:01]} Qb8 {[%emt 0:00:02]} 34. Qxc6 {[%emt 0:00:02]} a5 {[%emt 0:00:04]} 35. Nc8 {[%emt 0:00:36]} Bd4 {[%emt 0:00:06]} 36. Qa6+ {[%emt 0:00:01]} Ba7 {[%emt 0:00:01]} 37. Nb6# {[%emt 0:00:01]} 1-0